Mille voyages en un voyage (notice n° 1586950)

détails MARC
000 -LEADER
fixed length control field 00885cam a2200157 4500500
005 - DATE AND TIME OF LATEST TRANSACTION
control field 20251228060111.0
041 ## - LANGUAGE CODE
Language code of text/sound track or separate title fre
042 ## - AUTHENTICATION CODE
Authentication code dc
100 10 - MAIN ENTRY--PERSONAL NAME
Personal name Darcq, Noëlla
Relator term author
245 00 - TITLE STATEMENT
Title Mille voyages en un voyage
260 ## - PUBLICATION, DISTRIBUTION, ETC.
Date of publication, distribution, etc. 2005.<br/>
500 ## - GENERAL NOTE
General note 21
520 ## - SUMMARY, ETC.
Summary, etc. Résumé Enquête portant sur 111 personnes ayant repris leurs études après un parcours scolaire décevant ou mal orienté et parvenant à obtenir au minimum un diplôme de l’enseignement supérieur. Leur entourage les déclarait incapables, nuls, inaptes aux études. Pourtant ces élèves sont parvenus à obtenir des diplômes à Bac + 4 par une mise en œuvre de conditions sociales et de dynamiques affectives.
786 0# - DATA SOURCE ENTRY
Note Enfances & Psy | 28 | 3 | 2005-03-01 | p. 157-160 | 1286-5559
856 41 - ELECTRONIC LOCATION AND ACCESS
Uniform Resource Identifier <a href="https://shs.cairn.info/revue-enfances-et-psy-2005-3-page-157?lang=fr&redirect-ssocas=7080">https://shs.cairn.info/revue-enfances-et-psy-2005-3-page-157?lang=fr&redirect-ssocas=7080</a>

Pas d'exemplaire disponible.

PLUDOC

PLUDOC est la plateforme unique et centralisée de gestion des bibliothèques physiques et numériques de Guinée administré par le CEDUST. Elle est la plus grande base de données de ressources documentaires pour les Étudiants, Enseignants chercheurs et Chercheurs de Guinée.

Adresse

627 919 101/664 919 101

25 boulevard du commerce
Kaloum, Conakry, Guinée

Réseaux sociaux

Powered by Netsen Group @ 2025